Loading...
| Science - Physics | 1 | 3 | 0 | 0 | 45 | 70 | 80.75 | 0 | 3 |
| Social Science | 2 | 2 | 2 | 2 | 40 | 37 | 88.25 | 1 | 3 |
| Science - Chemistry | 0 | 3 | 1 | 0 | 25 | 77 | 86.67 | 2 | 3 |
| Literature - American Literature | 0 | 3 | 1 | 2 | 25 | 133 | 140.67 | 0 | 1 |
| Science - Other Science | 0 | 3 | 1 | 2 | 25 | 67 | 110.00 | 1 | 2 |
| History - Other History | 0 | 2 | 0 | 1 | 20 | 69 | 97.00 | 0 | 2 |
| Science - Biology | 0 | 3 | 2 | 1 | 20 | 88 | 103.00 | 0 | 2 |
| Philosophy | 0 | 2 | 0 | 1 | 20 | 121 | 127.50 | 0 | 0 |
| Fine Arts - Other Fine Arts | 0 | 1 | 0 | 0 | 10 | 71 | 71.00 | 1 | 1 |
| Literature - British Literature | 1 | 0 | 1 | 0 | 10 | 56 | 56.00 | 1 | 1 |
| Religion- Edited | 0 | 1 | 0 | 0 | 10 | 106 | 106.00 | 0 | 0 |
| Social Science- Edited | 0 | 1 | 0 | 0 | 10 | 85 | 85.00 | 0 | 1 |
| Literature - European Literature | 0 | 0 | 0 | 0 | 0 | 0.00 | 0 | 0 | |
| Pop Culture | 0 | 0 | 0 | 0 | 0 | 0.00 | 0 | 0 | |
| History - World History | 0 | 0 | 1 | 0 | -5 | 0.00 | 0 | 0 | |
| History - European History | 0 | 0 | 1 | 0 | -5 | 0.00 | 0 | 0 |